| 000 | 00583nam a2200181Ia 4500 | ||
|---|---|---|---|
| 008 | 100917s9999 xx 000 0 und d | ||
| 082 | _b43709 | ||
| 100 | _aदेवगिरीकर त्र्यंबक रघुनाथ | ||
| 245 | _aवल्लभभाई पटेल | ||
| 260 |
_bचित्रशाळा प्रकाशन _c--- |
||
| 300 | _a424 | ||
| 365 | _b16 | ||
| 520 | _aचरित्र | ||
| 630 | _aवल्लभभाई पटेल | ||
| 650 | _aचरित्र | ||
| 730 | _aवल्लभभाई पटेल | ||
| 942 | _cBOOK | ||
| 999 |
_c649103 _d649100 |
||